Word Ladder: Recent Disney Animated Films Quiz Stats

 Plays Quiz Updated Jul 19, 2018

Challenge
Share
Tweet
Embed
Score 0/38 Timer 04:00
0 Plays Today
Clue 4-Letter Word % Correct
• 1996's 'The Hunchback of Notre ___' ••DAME•
96%
• 2002's '___ & Stitch' ••LILO•
95.8%
• 2003's 'Brother ___' ••BEAR•
94.7%
• 2014's 'Big ___ 6' ••HERO•
94.2%
Green citrus fruitLIME
93.5%
Overly studious kid in schoolNERD
92.7%
A long car to rentLIMO
92.5%
• 2011's 'Winnie the ___' ••POOH•
92.4%
RequireNEED
91.3%
Output of a sad eyeTEAR
90.9%
One of 18 on a golf courseHOLE
90.6%
• 2001's 'Atlantis: The ___ Empire' ••LOST•
90.2%
Peruse a bookREAD
90.1%
Unfun, like a partyLAME
90%
Roman emperor who fiddledNERO
89.8%
• 2009's 'The Princess and the ___' ••FROG•
89.5%
Blue-greenTEAL
89.3%
An oboe has a double oneREED
88.7%
It is where the heart isHOME
88.6%
Clue 4-Letter Word % Correct
Smaller mountainHILL
88.5%
Component of a braceletBEAD
88.1%
Have in your handsHOLD
88%
High School's big dancePROM
87.5%
The U.S. Capitol has oneDOME
86.1%
'____ Russia with Love'FROM
85.9%
Like a darkened fontBOLD
84.6%
Send a letter through the mailPOST
83.1%
Hawaiian cityHILO
82.8%
Place for the loser?LAST
82.2%
An object on stagePROP
82.2%
Drawer for bills and coinsTILL
80.4%
A type of deck on a shipPOOP
80.3%
William, the archerTELL
80.2%
Elegant and fashionablePOSH
80%
Sail holderMAST
78.8%
• 2008's '___' ••BOLT•
76.1%
Beer ingredientMALT
72.7%
Slough skinMOLT
68.2%

Today's Daily Dose

Missing Word
New England Movies

Word Ladder
Royal Titles

Get the Picture
Big 4 'B' All-Stars

You're not logged in!

Compare scores with friends on all Sporcle quizzes.
OR
Log In

You Might Also Like...

Show Comments

Extras

Top Quizzes Today


Score Distribution

Your Account Isn't Verified!

In order to create a playlist on Sporcle, you need to verify the email address you used during registration. Go to your Sporcle Settings to finish the process.

Report this User

Report this user for behavior that violates our Community Guidelines.

Details: